Informatizzazione dei flussi documentali della guistizia amministrativa studio di fattibilit ̉/

Bibliographic Details
Main Author: Faro, Sebastiano
Corporate Author: L'Istituto di Teoria e Tecniche dell'Informazione Giuridica
Other Authors: Guidotti, Paolo
Format: Unknown
Language:Italian
Published: Firenze : ITTIG, 2003
Subjects:
Online Access:Acceso restringido

MARC

LEADER 00000ny a22000003n 4500
005 20110527143536.0
008 070711s2003 it s 000 0 ita d
020 |a 8849506716 
035 |a 2237 
040 |a UMA.RE  |d vLex 
080 |a 342.9(0.034):004 
080 |a 351.95(0.034):004 
090 |c 333  |d 333 
100 1 |a Faro, Sebastiano 
245 1 0 |a Informatizzazione dei flussi documentali della guistizia amministrativa  |h [Recurso electrn̤ico]  |b studio di fattibilit ̉/  |c Sebastiano Faro, Paolo Guidotti 
256 |a Servicio en ln̕ea 
260 |a Firenze :  |b ITTIG,  |c 2003 
506 1 |a Contenido solo disponible en los productos indicados  |d vLex Global  |d vLex Global (Academic Edition, excluding Law Schools)  |d vLex Global (U.S. Academic Edition, Law Schools)  |d vLex Global (U.S. Academic Edition, excluding Law Schools)  |d vLex Global (Academic Edition, Law Schools) 
650 0 4 |a Procedimiento contencioso administrativo  |z Itl̀ia 
700 1 |a Guidotti, Paolo 
710 2 |a L'Istituto di Teoria e Tecniche dell'Informazione Giuridica 
740 0 |a vLex Libros (Servicios en ln̕ea) 
856 4 0 |z Acceso restringido  |u http://vlex.com/source/informatizzazione-flussi-documentali-guistizia-amministrativa-studio-fattibilita-2237 
942 |c BOOK 
999 |a Administration Law  |b Italy  |v En ln̕ea